Science Quiz

Random Science or Chemistry Quiz

'J' in Science Quiz Stats

 Plays Quiz Updated Apr 28, 2017

Support Sporcle.
Go Orange.
Score 0/20 Timer 05:00
5 Plays Today
Question Answer % Correct
Which planet, named after the Roman god, is fifth from the Sun?Jupiter
98.1%
At what locations do two bones come into contact with one another?Joints
95.1%
What is the SI unit for work and energy?Joule
88.3%
During which period did Ichthyosaurs and Plesiosaurs live?Jurassic
84%
What disease is characterized by a yellowish pigmentation of the skin (among other things)?Jaundice
82%
What term refers to an organism that has not yet reached adult form, sexual maturity, or adult size?Juvenile
76.7%
What green ornamental stone is comprised mostly of nephrite?Jade
76.1%
Which big cat, often confused with leopards, has the strongest bite relative to its weight?Jaguar
75.5%
What programming language shares its name with a nickname for coffee?Java
69.6%
What term is used for a male donkey?Jack
57.5%
Question Answer % Correct
What are fast flowing, narrow air currents in a planet's atmosphere called?Jet Stream
55.1%
What veins bring deoxygenated blood from the head to the heart via the superior vena cava?Jugulars
53.9%
What is the first name of the virologist Salk who developed the first polio vaccine?Jonas
44.7%
What vegetation (Yucca brevifolia), with a Biblical name, has a National Park devoted to it in California?Joshua Tree
37.1%
What invertebrates comprise the subphylum Medusoza within the phylum Cnidaria?Jellyfish
35.7%
What middle part of the small intestine lies between the duodenum and the ileum?Jejunum
31.8%
What term refers to the DNA sequence of a chromosome for which no function has been discovered?Junk DNA
28.7%
What is the term for a gap point on the graph of a piecewise function?Jump Discontinuity
20.6%
What is the time derivative of acceleration?Jerk
16.7%
By what process are computer programs left to be compiled until the last possible moment?Just in Time
13.7%

You're not logged in!

Compare scores with friends on all Sporcle quizzes.
OR
Log In
Forgot?

From the Vault

'H' Natural World

by Cortez

With a mouth that can open that wide, no wonder they're so hungry hungry.
Remove Ads.
Support Sporcle.
Get the best of Sporcle when you Go Orange. This ad-free experience offers more features, more stats, and more fun while also helping to support Sporcle. Thank you for becoming a member.

Show Comments

Extras

Top Quizzes Today


Score Distribution

Your Account Isn't Verified!

In order to create a playlist on Sporcle, you need to verify the email address you used during registration. Go to your Sporcle Settings to finish the process.

Report this User

Report this user for behavior that violates our Community Guidelines.

Details: